000 00655nam a2200205Ii 4500
003 JO-AjNU
008 230606s9999||||xx |||||||||||||| ||und||
020 _a978-007-128865-1/007-128865-1
040 _aJO-AjNU
_beng
_erda
_cJO-AjNU
041 _aeng
050 1 4 _aHF5415.13.M3699.2010
100 3 _aMarshall,Greg W/Mark W. Johnston,
_eauthor
_92310
245 0 0 _a Marketing Management
264 3 1 _aBoston: Mc Graw Hill ,2010
300 _a566p
_bglossary( G-1) -(I-16)p, indexes(I-18)-(I-32)
336 _atext
_btxt
_2rdacontent
337 _aunmediated
_bn
_2rdamedia
338 _avolume
_bnc
_2rdacarrier
650 4 _a Marketing-Management
_92311
999 _aE1208
_c1208
_d1208